Turcja A-Z - Statystyki

Ogólne statystyki
  • Ten quiz został rozwiązany 86 razy
  • Średni wynik to 12 z 24
Statystyki odpowiedzi
Wskazówka Odpowiedź % Poprawnych
A Jak się nazywa stolica Turcji Ankara
94%
B Cieśnina przy wejściu do Morze Czarne Bosfor
82%
D Mięso pieczone na pionowym rożnie {Doner} Kebab
72%
O Imperium tureckie rozpadło się po I wojnie światowej Osmańskie
71%
H Dawny kościół i meczet {Hagia} Sophia
69%
N Sojusz wojskowy Turcja do którego dołączył w 1952 r NATO
69%
L Waluta Lira
66%
E Nazwisko obecnego prezydenta Erdoğan
63%
I W języku angielskim nazwa Turcji oznaczała to zwierzę , przez co Turcja zmieniła nazwę Indyk
62%
W Zwierzę narodowe: Szary ____ Wilk
62%
K Druga co do wielkości grupa etniczna Kurdowie
60%
G Profesjonalny klub piłkarski Galatasaray
51%
R Imperium, które podbiło Turcję począwszy od 133 roku p.n.e. Rzym
51%
S Tytuł lidera imperium Osmańskiego Sułtan
51%
M Morze pomiędzy Morzem Śródziemnym a Morzem Czarne Marmara
50%
T Miejsce legendarnej wojny homeryckiej Troja
40%
C Kraj, w którym język turecki jest język urzędowy Cypr Północny
31%
J Najsłynniejszy cesarz bizantyjski Justynian
28%
Y Najpopularniejsze imię męskie Yusuf
28%
P Przywódca prawosławia Patriarcha
25%
V Największe jezioro w Turcji Van
22%
F Czerwona czapka z frędzlami Fez
19%
U Kalifat, który prawie zdobyłKonstantynopol w 717 r Umajjadzi
13%
Z Najpopularniejsze imię żeńskie Zeynep
10%
Nie znaleziono quizów pasujących do podanych kryteriów
Rozkład punktacji
Procent ludzi z każdym wynikiem
Percentyl według liczby udzielonych odpowiedzi
Twoja historia wyników
Nie rozwiązałeś tego quizu